| 000 | 00431nam a2200121 4500 | ||
|---|---|---|---|
| 008 | 707.1 P964px | ||
| 082 |
_a707.1 _bP964px |
||
| 110 |
_aUniversidad Torcuato di Tella _95709 |
||
| 245 | _aProgramas del Departamento de Arte X | ||
| 260 |
_aArgentina _bUniversidad Tortucato Di Tella _c2019 |
||
| 300 |
_a43 p. _bil (col) _c22 x 17 cm |
||
| 650 |
_xarte contemporáneo _xarte - educación _xarte - programas artísticos _xArgentina _97200 |
||
| 999 |
_c1857 _d1857 |
||